000 00730cam a22002413a 4500
001 11716
003 PGUSA
005 20140828083240.0
008 040301s2004||||xxu|||||s|||||000 | eng d
040 _aPGUSA
_beng
042 _adc
050 4 _aDR
100 1 _aToynbee, Arnold,
_d1889-1975
245 1 4 _aThe Balkans :
_bA History of Bulgaria—Serbia—Greece—Rumania—Turkey
_h[electronic resource] /
_cArnold Toynbee
260 _bProject Gutenberg,
_c2004
506 _aPublic domain in the USA.
516 _aElectronic text
653 _aBalkan Peninsula -- History
653 _aEastern question (Balkan)
830 0 _aProject Gutenberg
_v11716
856 4 0 _uhttp://www.gutenberg.org/ebooks/11716
942 _cEB
999 _c240971
_d240971